[Event "Stay Safe Play From Home 328"]
[Site "Mustafa Kemal Atatürk"]
[Date "2020.07.24"]
[Round "5"]
[White "Lamborghini"]
[Black "Little champs"]
[Result "1/2-1/2"]
[WhiteElo "2201"]
[BlackElo "2331"]
[PlyCount "127"]
[EventDate "2020.07.24"]
[EventType "swiss (blitz)"]

1. e4 {[%emt 0:00:02]} c6 {[%emt 0:00:00]} 2. d4 {[%emt 0:00:01]} d5 {[%emt 0:00:00]} 3. Nc3 {[%emt 0:00:00]} dxe4 {[%emt 0:00:00]} 4. Nxe4 {[%emt 0:00:00]} Nf6 {[%emt 0:00:00]} 5. Nxf6+ {[%emt 0:00:01]} exf6 {[%emt 0:00:00]} 6. Bc4 {[%emt 0:00:00]} Bd6 {[%emt 0:00:00]} 7. Qe2+ {[%emt 0:00:00]} Qe7 {[%emt 0:00:01]} 8. Qxe7+ {[%emt 0:00:00]} Bxe7 {[%emt 0:00:01]} 9. Bf4 {[%emt 0:00:01]} O-O {[%emt 0:00:01]} 10. O-O-O {[%emt 0:00:01]} Nd7 {[%emt 0:00:01]} 11. Ne2 {[%emt 0:00:01]} Nb6 {[%emt 0:00:01]} 12. Bb3 {[%emt 0:00:01]} Be6 {[%emt 0:00:01]} 13. Nc3 {[%emt 0:00:03]} Rfd8 {[%emt 0:00:01]} 14. Rhe1 {[%emt 0:00:02]} Nd5 {[%emt 0:00:05]} 15. Nxd5 {[%emt 0:00:03]} cxd5 {[%emt 0:00:00]} 16. c3 {[%emt 0:00:05]} Bd6 {[%emt 0:00:01]} 17. Bxd6 {[%emt 0:00:01]} Rxd6 {[%emt 0:00:01]} 18. Bc2 {[%emt 0:00:01]} g6 {[%emt 0:00:01]} 19. Re3 {[%emt 0:00:00]} Rc8 {[%emt 0:00:01]} 20. Rde1 {[%emt 0:00:00]} Kg7 {[%emt 0:00:01]} 21. Kd2 {[%emt 0:00:00]} b5 {[%emt 0:00:00]} 22. a3 {[%emt 0:00:01]} a5 {[%emt 0:00:00]} 23. b4 {[%emt 0:00:01]} axb4 {[%emt 0:00:02]} 24. axb4 {[%emt 0:00:01]} Ra6 {[%emt 0:00:01]} 25. Rb1 {[%emt 0:00:02]} Ra2 {[%emt 0:00:01]} 26. Kc1 {[%emt 0:00:01]} Ra3 {[%emt 0:00:02]} 27. Kb2 {[%emt 0:00:02]} Rca8 {[%emt 0:00:01]} 28. Bb3 {[%emt 0:00:00]} Bf5 {[%emt 0:00:01]} 29. Rc1 {[%emt 0:00:01]} Be6 {[%emt 0:00:01]} 30. Ree1 {[%emt 0:00:01]} R3a7 {[%emt 0:00:01]} 31. Ra1 {[%emt 0:00:01]} Rxa1 {[%emt 0:00:01]} 32. Rxa1 {[%emt 0:00:00]} Rb8 {[%emt 0:00:00]} 33. Ra5 {[%emt 0:00:02]} f5 {[%emt 0:00:01]} 34. Kc2 {[%emt 0:00:01]} Kf6 {[%emt 0:00:00]} 35. f4 {[%emt 0:00:00]} g5 {[%emt 0:00:01]} 36. g3 {[%emt 0:00:01]} h5 {[%emt 0:00:00]} 37. h4 {[%emt 0:00:02]} gxh4 {[%emt 0:00:01]} 38. gxh4 {[%emt 0:00:01]} Rg8 {[%emt 0:00:00]} 39. Rxb5 {[%emt 0:00:01]} Rg4 {[%emt 0:00:00]} 40. Rb6 {[%emt 0:00:01]} Rxh4 {[%emt 0:00:01]} 41. Bxd5 {[%emt 0:00:01]} Rxf4 {[%emt 0:00:00]} 42. Bxe6 {[%emt 0:00:01]} fxe6 {[%emt 0:00:01]} 43. d5 {[%emt 0:00:01]} h4 {[%emt 0:00:03]} 44. Rxe6+ {[%emt 0:00:01]} Kg5 {[%emt 0:00:00]} 45. d6 {[%emt 0:00:01]} Rf2+ {[%emt 0:00:00]} 46. Kc1 {[%emt 0:00:01]} Rf1+ {[%emt 0:00:01]} 47. Kd2 {[%emt 0:00:00]} Rf2+ {[%emt 0:00:00]} 48. Re2 {[%emt 0:00:01]} Rxe2+ {[%emt 0:00:09]} 49. Kxe2 {[%emt 0:00:00]} Kf6 {[%emt 0:00:00]} 50. c4 {[%emt 0:00:01]} Ke6 {[%emt 0:00:00]} 51. c5 {[%emt 0:00:00]} f4 {[%emt 0:00:00]} 52. Kf3 {[%emt 0:00:00]} h3 {[%emt 0:00:01]} 53. b5 {[%emt 0:00:00]} Kd7 {[%emt 0:00:01]} 54. b6 {[%emt 0:00:01]} Kc6 {[%emt 0:00:00]} 55. Kf2 {[%emt 0:00:00]} Kd7 {[%emt 0:00:01]} 56. Kg1 {[%emt 0:00:01]} Kc6 {[%emt 0:00:00]} 57. Kh2 {[%emt 0:00:00]} f3 {[%emt 0:00:01]} 58. Kg3 {[%emt 0:00:00]} Kxc5 {[%emt 0:00:00]} 59. d7 {[%emt 0:00:01]} h2 {[%emt 0:00:00]} 60. Kxh2 {[%emt 0:00:01]} f2 {[%emt 0:00:01]} 61. Kg2 {[%emt 0:00:00]} Kxb6 {[%emt 0:00:00]} 62. Kf1 {[%emt 0:00:00]} Kc7 {[%emt 0:00:00]} 63. d8=Q+ {[%emt 0:00:00]} Kxd8 {[%emt 0:00:01]} 64. Kxf2 {[%emt 0:00:00] (Lag: Av=0.67s, max=2.1s)} 1/2-1/2

[Event "Stay Safe Play From Home 328"]
[Site "Mustafa Kemal Atatürk"]
[Date "2020.07.24"]
[Round "5"]
[White "SelamiSahin"]
[Black "Greblha"]
[Result "1-0"]
[WhiteElo "2069"]
[BlackElo "1917"]
[Annotator "NA"]
[PlyCount "109"]
[EventDate "2020.07.24"]
[EventType "swiss (blitz)"]

1. d4 {[%emt 0:00:01]} c6 {[%emt 0:00:00]} 2. c4 {[%emt 0:00:01]} d5 {[%emt 0:00:00]} 3. Nc3 {[%emt 0:00:01]} Nf6 {[%emt 0:00:01]} 4. Nf3 {[%emt 0:00:00]} e6 {[%emt 0:00:00]} 5. Bg5 {[%emt 0:00:01]} Bb4 {[%emt 0:00:01]} 6. e3 {[%emt 0:00:01]} Qa5 {[%emt 0:00:01]} 7. Bxf6 {[%emt 0:00:01]} Bxc3+ {[%emt 0:00:01]} 8. bxc3 {[%emt 0:00:01]} Qxc3+ {[%emt 0:00:00]} 9. Nd2 {[%emt 0:00:01]} gxf6 {[%emt 0:00:00]} 10. cxd5 {[%emt 0:00:02]} exd5 {[%emt 0:00:00]} 11. Be2 {[%emt 0:00:01]} Bf5 {[%emt 0:00:02]} 12. O-O {[%emt 0:00:01]} Qc2 {[%emt 0:00:00]} 13. Qe1 {[%emt 0:00:04]} Nd7 {[%emt 0:00:01]} 14. Nb3 {[%emt 0:00:04]} Qb2 {[%emt 0:00:03]} 15. Bf3 {[%emt 0:00:05]} O-O {[%emt 0:00:02]} 16. Qb4 {[%emt 0:00:02]} Nb6 {[%emt 0:00:03]} 17. Qd6 {[%emt 0:00:02]} Kg7 {[%emt 0:00:06]} 18. Nc5 {[%emt 0:00:01]} Rad8 {[%emt 0:00:05]} 19. Qc7 {[%emt 0:00:02]} Nc4 {[%emt 0:00:01]} 20. Nxb7 {[%emt 0:00:03]} Rd7 {[%emt 0:00:02]} 21. Qg3+ {[%emt 0:00:02]} Bg6 {[%emt 0:00:02]} 22. Nc5 {[%emt 0:00:00]} Re7 {[%emt 0:00:02]} 23. h4 {[%emt 0:00:02]} Nd2 {[%emt 0:00:01]} 24. Rfe1 {[%emt 0:00:02]} Nxf3+ {[%emt 0:00:01]} 25. Qxf3 {[%emt 0:00:01]} h5 {[%emt 0:00:04]} 26. Qg3 {[%emt 0:00:01]} Rc8 {[%emt 0:00:04]} 27. Nd3 {[%emt 0:00:01]} Qc2 {[%emt 0:00:03]} 28. Nf4 {[%emt 0:00:01]} Qf5 {[%emt 0:00:02]} 29. Rac1 {[%emt 0:00:03]} Qg4 {[%emt 0:00:01]} 30. Qxg4 {[%emt 0:00:02]} hxg4 {[%emt 0:00:00]} 31. Nxd5 {[%emt 0:00:01]} cxd5 {[%emt 0:00:01]} 32. Rxc8 {[%emt 0:00:00]} Bd3 {[%emt 0:00:01]} 33. Rc3 {[%emt 0:00:01]} Bc4 {[%emt 0:00:01]} 34. Ra1 {[%emt 0:00:01]} f5 {[%emt 0:00:00]} 35. g3 {[%emt 0:00:00]} Rc7 {[%emt 0:00:01]} 36. Rac1 {[%emt 0:00:01]} Kf6 {[%emt 0:00:00]} 37. Kg2 {[%emt 0:00:01]} Ke6 {[%emt 0:00:00]} 38. a4 {[%emt 0:00:00]} f6 {[%emt 0:00:00]} 39. a5 {[%emt 0:00:00]} Rc6 {[%emt 0:00:01]} 40. h5 {[%emt 0:00:01]} Ra6 {[%emt 0:00:00]} 41. h6 {[%emt 0:00:00]} Kf7 {[%emt 0:00:01]} 42. h7 {[%emt 0:00:00]} Kg7 {[%emt 0:00:00]} 43. h8=Q+ {[%emt 0:00:00]} Kxh8 {[%emt 0:00:00]} 44. Rxc4 {[%emt 0:00:00]} Kg7 {[%emt 0:00:00]} 45. Rc5 {[%emt 0:00:01]} Rxa5 {[%emt 0:00:00]} 46. Rxa5 {[%emt 0:00:01]} Kg6 {[%emt 0:00:00]} 47. Rxa7 {[%emt 0:00:00]} f4 {[%emt 0:00:00]} 48. Rcc7 {[%emt 0:00:00]} f3+ {[%emt 0:00:00]} 49. Kg1 {[%emt 0:00:01]} Kf5 {[%emt 0:00:00]} 50. Rf7 {[%emt 0:00:00]} Ke4 {[%emt 0:00:00]} 51. Rxf6 {[%emt 0:00:00]} Kd3 {[%emt 0:00:00]} 52. Re6 {[%emt 0:00:00]} Kc4 {[%emt 0:00:01]} 53. Re5 {[%emt 0:00:00]} Kd3 {[%emt 0:00:00]} 54. Rxd5 {[%emt 0:00:00]} Ke4 {[%emt 0:00:01]} 55. Ra3 {[%emt 0:00:00] Zeit (Lag: Av=0.54s, max=1.1s)} 1-0

[Event "Stay Safe Play From Home 328"]
[Site "Mustafa Kemal Atatürk"]
[Date "2020.07.24"]
[Round "5"]
[White "Stefanone"]
[Black "Oznog"]
[Result "1-0"]
[WhiteElo "2007"]
[BlackElo "1783"]
[Annotator "NA"]
[PlyCount "87"]
[EventDate "2020.07.24"]
[EventType "swiss (blitz)"]

1. d4 {[%emt 0:00:01]} Nf6 {[%emt 0:00:01]} 2. e3 {[%emt 0:00:00]} c5 {[%emt 0:00:01]} 3. g3 {[%emt 0:00:00]} cxd4 {[%emt 0:00:01]} 4. exd4 {[%emt 0:00:00]} e6 {[%emt 0:00:00]} 5. Bg2 {[%emt 0:00:00]} d5 {[%emt 0:00:00]} 6. Nf3 {[%emt 0:00:00]} g6 {[%emt 0:00:00]} 7. b3 {[%emt 0:00:00]} Bg7 {[%emt 0:00:00]} 8. Bb2 {[%emt 0:00:00]} O-O {[%emt 0:00:00]} 9. Nbd2 {[%emt 0:00:00]} Nc6 {[%emt 0:00:00]} 10. Qe2 {[%emt 0:00:00]} a6 {[%emt 0:00:01]} 11. Ne5 {[%emt 0:00:01]} Nxe5 {[%emt 0:00:02]} 12. dxe5 {[%emt 0:00:00]} Nd7 {[%emt 0:00:01]} 13. f4 {[%emt 0:00:01]} Qc7 {[%emt 0:00:04]} 14. O-O-O {[%emt 0:00:01]} a5 {[%emt 0:00:02]} 15. Nf3 {[%emt 0:00:01]} a4 {[%emt 0:00:02]} 16. Kb1 {[%emt 0:00:01]} axb3 {[%emt 0:00:01]} 17. cxb3 {[%emt 0:00:00]} Qa5 {[%emt 0:00:03]} 18. a4 {[%emt 0:00:03]} Nc5 {[%emt 0:00:01]} 19. Qe3 {[%emt 0:00:04]} b6 {[%emt 0:00:02]} 20. Rd4 {[%emt 0:00:03]} Bd7 {[%emt 0:00:04]} 21. b4 {[%emt 0:00:01]} Qxa4 {[%emt 0:00:05]} 22. bxc5 {[%emt 0:00:01]} Qa2+ {[%emt 0:00:01]} 23. Kc2 {[%emt 0:00:01]} bxc5 {[%emt 0:00:01]} 24. Rdd1 {[%emt 0:00:02]} Ba4+ {[%emt 0:00:02]} 25. Kc1 {[%emt 0:00:05]} d4 {[%emt 0:00:03]} 26. Qa3 {[%emt 0:00:03]} Qc4+ {[%emt 0:00:04]} 27. Kb1 {[%emt 0:00:04]} Bc2+ {[%emt 0:00:01]} 28. Kc1 {[%emt 0:00:03]} Rxa3 {[%emt 0:00:01]} 29. Bxa3 {[%emt 0:00:00]} Ra8 {[%emt 0:00:04]} 30. Bb2 {[%emt 0:00:01]} Bxd1+ {[%emt 0:00:02]} 31. Kxd1 {[%emt 0:00:00]} Qd3+ {[%emt 0:00:02]} 32. Nd2 {[%emt 0:00:01]} c4 {[%emt 0:00:01]} 33. Bf1 {[%emt 0:00:02]} Qe3 {[%emt 0:00:02]} 34. Nxc4 {[%emt 0:00:04]} Qf3+ {[%emt 0:00:01]} 35. Kc1 {[%emt 0:00:02]} Qxh1 {[%emt 0:00:00]} 36. Nd2 {[%emt 0:00:02]} Qg1 {[%emt 0:00:01]} 37. Kc2 {[%emt 0:00:00]} Qf2 {[%emt 0:00:01]} 38. Bd3 {[%emt 0:00:01]} Rc8+ {[%emt 0:00:01]} 39. Kd1 {[%emt 0:00:02]} Qg1+ {[%emt 0:00:01]} 40. Bf1 {[%emt 0:00:01]} Qf2 {[%emt 0:00:00]} 41. Bxd4 {[%emt 0:00:01]} Qxd4 {[%emt 0:00:01]} 42. Ke2 {[%emt 0:00:01]} Qxd2+ {[%emt 0:00:00]} 43. Kxd2 {[%emt 0:00:01]} Rd8+ {[%emt 0:00:00]} 44. Ke3 {[%emt 0:00:00] Time (Lag: Av=0.52s, max=0.7s)} 1-0

[Event "Stay Safe Play From Home 328"]
[Site "Mustafa Kemal Atatürk"]
[Date "2020.07.24"]
[Round "5"]
[White "NeatFox"]
[Black "Lazieri3"]
[Result "0-1"]
[WhiteElo "1856"]
[BlackElo "2096"]
[Annotator "NA"]
[PlyCount "96"]
[EventDate "2020.07.24"]
[EventType "swiss (blitz)"]

1. g4 {[%emt 0:00:01]} c6 {[%emt 0:00:00]} 2. Bg2 {[%emt 0:00:00]} d5 {[%emt 0:00:00]} 3. c4 {[%emt 0:00:01]} Bxg4 {[%emt 0:00:01]} 4. cxd5 {[%emt 0:00:00]} Bd7 {[%emt 0:00:02]} 5. Qb3 {[%emt 0:00:00]} Qb6 {[%emt 0:00:02]} 6. Qxb6 {[%emt 0:00:01]} axb6 {[%emt 0:00:00]} 7. Nc3 {[%emt 0:00:00]} Nf6 {[%emt 0:00:02]} 8. d4 {[%emt 0:00:01]} Nxd5 {[%emt 0:00:01]} 9. Nxd5 {[%emt 0:00:01]} cxd5 {[%emt 0:00:00]} 10. Bxd5 {[%emt 0:00:00]} Bc6 {[%emt 0:00:00]} 11. Bf3 {[%emt 0:00:02]} Bxf3 {[%emt 0:00:01]} 12. Nxf3 {[%emt 0:00:01]} e6 {[%emt 0:00:00]} 13. Be3 {[%emt 0:00:01]} Nc6 {[%emt 0:00:00]} 14. O-O {[%emt 0:00:04]} Bd6 {[%emt 0:00:01]} 15. Rfd1 {[%emt 0:00:01]} h6 {[%emt 0:00:01]} 16. d5 {[%emt 0:00:01]} exd5 {[%emt 0:00:02]} 17. Rxd5 {[%emt 0:00:00]} Be7 {[%emt 0:00:01]} 18. Bxb6 {[%emt 0:00:02]} O-O {[%emt 0:00:02]} 19. Rd7 {[%emt 0:00:02]} Bf6 {[%emt 0:00:01]} 20. Rxb7 {[%emt 0:00:07]} Bxb2 {[%emt 0:00:02]} 21. Rb1 {[%emt 0:00:01]} Bf6 {[%emt 0:00:02]} 22. Rc7 {[%emt 0:00:04]} Ne5 {[%emt 0:00:03]} 23. Nxe5 {[%emt 0:00:02]} Bxe5 {[%emt 0:00:00]} 24. Rc2 {[%emt 0:00:01]} Rfe8 {[%emt 0:00:04]} 25. Be3 {[%emt 0:00:02]} g5 {[%emt 0:00:05]} 26. Rb4 {[%emt 0:00:07]} Ra3 {[%emt 0:00:02]} 27. Rb3 {[%emt 0:00:01]} Rxb3 {[%emt 0:00:01]} 28. axb3 {[%emt 0:00:00]} Rb8 {[%emt 0:00:01]} 29. Rc5 {[%emt 0:00:02]} f6 {[%emt 0:00:02]} 30. Rc7 {[%emt 0:00:07]} Bxc7 {[%emt 0:00:02]} 31. Bd2 {[%emt 0:00:01]} Rxb3 {[%emt 0:00:01]} 32. Kg2 {[%emt 0:00:00]} Be5 {[%emt 0:00:02]} 33. e3 {[%emt 0:00:00]} f5 {[%emt 0:00:01]} 34. Ba5 {[%emt 0:00:00]} f4 {[%emt 0:00:01]} 35. Bd8 {[%emt 0:00:00]} fxe3 {[%emt 0:00:01]} 36. fxe3 {[%emt 0:00:00]} Rxe3 {[%emt 0:00:01]} 37. Kf2 {[%emt 0:00:01]} Rd3 {[%emt 0:00:01]} 38. Bb6 {[%emt 0:00:00]} Rd2+ {[%emt 0:00:01]} 39. Kf3 {[%emt 0:00:01]} Rxh2 {[%emt 0:00:01]} 40. Kg4 {[%emt 0:00:00]} Bf4 {[%emt 0:00:00]} 41. Kf5 {[%emt 0:00:01]} Kf7 {[%emt 0:00:00]} 42. Bc5 {[%emt 0:00:01]} Rc2 {[%emt 0:00:00]} 43. Bd4 {[%emt 0:00:01]} Rc4 {[%emt 0:00:01]} 44. Be5 {[%emt 0:00:01]} Rb4 {[%emt 0:00:01]} 45. Bc3 {[%emt 0:00:02]} Rb5+ {[%emt 0:00:01]} 46. Kg4 {[%emt 0:00:01]} Kg6 {[%emt 0:00:00]} 47. Kh3 {[%emt 0:00:01]} Rc5 {[%emt 0:00:01]} 48. Kg4 {[%emt 0:00:00]} Rc4 {[%emt 0:00:00] Zeit (Lag: Av=0.70s, max=1.2s)} 0-1

[Event "Stay Safe Play From Home 328"]
[Site "Mustafa Kemal Atatürk"]
[Date "2020.07.24"]
[Round "5"]
[White "Padmaesh M K"]
[Black "Edmatuag"]
[Result "0-1"]
[WhiteElo "1751"]
[BlackElo "1627"]
[Annotator "NA"]
[PlyCount "86"]
[EventDate "2020.07.24"]
[EventType "swiss (blitz)"]

1. Nf3 {[%emt 0:00:01]} d6 {[%emt 0:00:01]} 2. g3 {[%emt 0:00:00]} e6 {[%emt 0:00:01]} 3. Bg2 {[%emt 0:00:00]} e5 {[%emt 0:00:01]} 4. O-O {[%emt 0:00:00]} c6 {[%emt 0:00:01]} 5. d4 {[%emt 0:00:01]} Nd7 {[%emt 0:00:04]} 6. dxe5 {[%emt 0:00:00]} Nxe5 {[%emt 0:00:01]} 7. Nxe5 {[%emt 0:00:01]} dxe5 {[%emt 0:00:01]} 8. Qxd8+ {[%emt 0:00:00]} Kxd8 {[%emt 0:00:00]} 9. Nc3 {[%emt 0:00:01]} Kc7 {[%emt 0:00:00]} 10. f4 {[%emt 0:00:02]} Bd6 {[%emt 0:00:06]} 11. e4 {[%emt 0:00:05]} f6 {[%emt 0:00:02]} 12. Be3 {[%emt 0:00:01]} Be6 {[%emt 0:00:01]} 13. Rad1 {[%emt 0:00:02]} Ne7 {[%emt 0:00:01]} 14. Rf2 {[%emt 0:00:06]} Rad8 {[%emt 0:00:01]} 15. Rfd2 {[%emt 0:00:01]} Rd7 {[%emt 0:00:00]} 16. Bc5 {[%emt 0:00:05]} Rhd8 {[%emt 0:00:00]} 17. Bxd6+ {[%emt 0:00:03]} Rxd6 {[%emt 0:00:00]} 18. Rxd6 {[%emt 0:00:03]} Rxd6 {[%emt 0:00:00]} 19. Rxd6 {[%emt 0:00:01]} Kxd6 {[%emt 0:00:00]} 20. Kf2 {[%emt 0:00:01]} Nc8 {[%emt 0:00:01]} 21. Ke3 {[%emt 0:00:01]} Nb6 {[%emt 0:00:00]} 22. b3 {[%emt 0:00:01]} f5 {[%emt 0:00:03]} 23. exf5 {[%emt 0:00:04]} Bxf5 {[%emt 0:00:01]} 24. Be4 {[%emt 0:00:01]} Bxe4 {[%emt 0:00:04]} 25. Nxe4+ {[%emt 0:00:00]} Ke6 {[%emt 0:00:02]} 26. Nc5+ {[%emt 0:00:01]} Kf5 {[%emt 0:00:01]} 27. Nxb7 {[%emt 0:00:00]} Nd5+ {[%emt 0:00:01]} 28. Kf3 {[%emt 0:00:02]} e4+ {[%emt 0:00:01]} 29. Kf2 {[%emt 0:00:05]} Kg4 {[%emt 0:00:03]} 30. Nd6 {[%emt 0:00:02]} e3+ {[%emt 0:00:05]} 31. Ke2 {[%emt 0:00:00]} Kh3 {[%emt 0:00:01]} 32. Ne4 {[%emt 0:00:00]} Kxh2 {[%emt 0:00:01]} 33. g4 {[%emt 0:00:00]} Kh3 {[%emt 0:00:02]} 34. g5 {[%emt 0:00:01]} Kg4 {[%emt 0:00:01]} 35. Nc3 {[%emt 0:00:02]} Kxf4 {[%emt 0:00:01]} 36. Kd3 {[%emt 0:00:01]} Nxc3 {[%emt 0:00:01]} 37. Kxc3 {[%emt 0:00:00]} Kf3 {[%emt 0:00:00]} 38. Kd3 {[%emt 0:00:00]} Kf2 {[%emt 0:00:00]} 39. Kc4 {[%emt 0:00:00]} e2 {[%emt 0:00:00]} 40. Kc5 {[%emt 0:00:00]} e1=Q {[%emt 0:00:01]} 41. Kxc6 {[%emt 0:00:00]} Qe7 {[%emt 0:00:01]} 42. Kb5 {[%emt 0:00:01]} Qxg5+ {[%emt 0:00:00]} 43. Kc4 {[%emt 0:00:00]} Qa5 {[%emt 0:00:01] Time (Lag: Av=0.54s, max=1.0s) .} 0-1

[Event "Stay Safe Play From Home 328"]
[Site "Mustafa Kemal Atatürk"]
[Date "2020.07.24"]
[Round "5"]
[White "Trotsky"]
[Black "Meini"]
[Result "1-0"]
[WhiteElo "1618"]
[BlackElo "1501"]
[Annotator "NA"]
[PlyCount "43"]
[EventDate "2020.07.24"]
[EventType "swiss (blitz)"]

1. d4 {[%emt 0:00:01]} d5 {[%emt 0:00:01]} 2. e3 {[%emt 0:00:00]} c6 {[%emt 0:00:02]} 3. c4 {[%emt 0:00:00]} Bf5 {[%emt 0:00:02]} 4. Nc3 {[%emt 0:00:00]} e6 {[%emt 0:00:01]} 5. c5 {[%emt 0:00:00]} Nd7 {[%emt 0:00:02]} 6. Bd3 {[%emt 0:00:01]} Bg6 {[%emt 0:00:02]} 7. Qc2 {[%emt 0:00:01]} Qc7 {[%emt 0:00:02]} 8. h4 {[%emt 0:00:01]} e5 {[%emt 0:00:02]} 9. Bd2 {[%emt 0:00:00]} e4 {[%emt 0:00:05]} 10. Nxe4 {[%emt 0:00:01]} dxe4 {[%emt 0:00:02]} 11. Bxe4 {[%emt 0:00:01]} Bxe4 {[%emt 0:00:01]} 12. Qxe4+ {[%emt 0:00:01]} Be7 {[%emt 0:00:02]} 13. Nh3 {[%emt 0:00:01]} Ngf6 {[%emt 0:00:01]} 14. Qd3 {[%emt 0:00:01]} h6 {[%emt 0:00:02]} 15. O-O-O {[%emt 0:00:01]} O-O {[%emt 0:00:01]} 16. Ng5 {[%emt 0:00:01]} b6 {[%emt 0:00:06]} 17. e4 {[%emt 0:00:01]} hxg5 {[%emt 0:00:09]} 18. hxg5 {[%emt 0:00:01]} Ng4 {[%emt 0:00:02]} 19. e5 {[%emt 0:00:03]} g6 {[%emt 0:00:03]} 20. Qh3 {[%emt 0:00:01]} Nh2 {[%emt 0:00:06]} 21. Rxh2 {[%emt 0:00:02]} f5 {[%emt 0:00:05]} 22. Qh7# {[%emt 0:00:02] (Lag: Av=0.38s, max=0.6s)} 1-0

[Event "Stay Safe Play From Home 328"]
[Site "Mustafa Kemal Atatürk"]
[Date "2020.07.24"]
[Round "5"]
[White "W Nelles"]
[Black "SoulofWolf"]
[Result "0-1"]
[WhiteElo "1159"]
[BlackElo "2170"]
[PlyCount "48"]
[EventDate "2020.07.24"]
[EventType "swiss (blitz)"]

1. e4 {[%emt 0:00:02]} d6 {[%emt 0:00:00]} 2. d4 {[%emt 0:00:01]} c5 {[%emt 0:00:00]} 3. d5 {[%emt 0:00:01]} Nd7 {[%emt 0:00:01]} 4. Nf3 {[%emt 0:00:01]} g6 {[%emt 0:00:00]} 5. Be2 {[%emt 0:00:01]} Bg7 {[%emt 0:00:00]} 6. O-O {[%emt 0:00:01]} Ngf6 {[%emt 0:00:00]} 7. c3 {[%emt 0:00:01]} O-O {[%emt 0:00:01]} 8. Bg5 {[%emt 0:00:03]} Nxe4 {[%emt 0:00:02]} 9. Be3 {[%emt 0:00:03]} f5 {[%emt 0:00:05]} 10. Nbd2 {[%emt 0:00:01]} Nef6 {[%emt 0:00:02]} 11. b4 {[%emt 0:00:03]} Nxd5 {[%emt 0:00:01]} 12. Rc1 {[%emt 0:00:02]} Nxc3 {[%emt 0:00:04]} 13. Rxc3 {[%emt 0:00:03]} Bxc3 {[%emt 0:00:01]} 14. Nc4 {[%emt 0:00:02]} Bxb4 {[%emt 0:00:06]} 15. Qd5+ {[%emt 0:00:03]} Kg7 {[%emt 0:00:03]} 16. Bd3 {[%emt 0:00:04]} Nf6 {[%emt 0:00:01]} 17. Bh6+ {[%emt 0:00:08]} Kxh6 {[%emt 0:00:02]} 18. Nfe5 {[%emt 0:00:06]} Nxd5 {[%emt 0:00:02]} 19. Kh1 {[%emt 0:00:04]} dxe5 {[%emt 0:00:04]} 20. Nxe5 {[%emt 0:00:01]} a6 {[%emt 0:00:05]} 21. Bc4 {[%emt 0:00:03]} e6 {[%emt 0:00:02]} 22. Rd1 {[%emt 0:00:03]} b5 {[%emt 0:00:00]} 23. Bxd5 {[%emt 0:00:01]} exd5 {[%emt 0:00:00]} 24. h3 {[%emt 0:00:02]} Qf6 {[%emt 0:00:02] Zeit (Lag: Av=0.42s, max=0.6s)} 0-1

[Event "Stay Safe Play From Home 328"]
[Site "Mustafa Kemal Atatürk"]
[Date "2020.07.24"]
[Round "5"]
[White "Mandy"]
[Black "Capaeuwekhine"]
[Result "0-1"]
[WhiteElo "892"]
[BlackElo "1648"]
[Annotator "NA"]
[PlyCount "32"]
[EventDate "2020.07.24"]
[EventType "swiss (blitz)"]

1. d4 {[%emt 0:00:02]} e6 {[%emt 0:00:00]} 2. Bf4 {[%emt 0:00:01]} d5 {[%emt 0:00:01]} 3. e3 {[%emt 0:00:01]} c5 {[%emt 0:00:01]} 4. Nf3 {[%emt 0:00:01]} Qb6 {[%emt 0:00:00]} 5. b3 {[%emt 0:00:03]} Nf6 {[%emt 0:00:03]} 6. Nbd2 {[%emt 0:00:01]} cxd4 {[%emt 0:00:01]} 7. Nxd4 {[%emt 0:00:03]} Nc6 {[%emt 0:00:01]} 8. Bb5 {[%emt 0:00:13]} Bd7 {[%emt 0:00:02]} 9. O-O {[%emt 0:00:03]} Nxd4 {[%emt 0:00:02]} 10. Bxd7+ {[%emt 0:00:06]} Kxd7 {[%emt 0:00:01]} 11. exd4 {[%emt 0:00:02]} Qxd4 {[%emt 0:00:01]} 12. Rc1 {[%emt 0:00:07]} Bd6 {[%emt 0:00:02]} 13. Nf3 {[%emt 0:00:03]} Qxf4 {[%emt 0:00:02]} 14. Rb1 {[%emt 0:00:06]} Ne4 {[%emt 0:00:02]} 15. g3 {[%emt 0:00:06]} Qxf3 {[%emt 0:00:04]} 16. Qxf3 {[%emt 0:00:02]} Nd2 {[%emt 0:00:01] Zeit (Lag: Av=0.58s, max=0.8s)} 0-1

[Event "Stay Safe Play From Home 328"]
[Site "Mustafa Kemal Atatürk"]
[Date "2020.07.24"]
[Round "6"]
[White "Little champs"]
[Black "Lazieri3"]
[Result "1-0"]
[WhiteElo "2325"]
[BlackElo "2103"]
[PlyCount "75"]
[EventDate "2020.07.24"]
[EventType "swiss (blitz)"]

1. d4 {[%emt 0:00:01]} c6 {[%emt 0:00:00]} 2. e3 {[%emt 0:00:00]} d5 {[%emt 0:00:00]} 3. Nf3 {[%emt 0:00:00]} Nf6 {[%emt 0:00:01]} 4. Be2 {[%emt 0:00:00]} Bf5 {[%emt 0:00:01]} 5. O-O {[%emt 0:00:00]} e6 {[%emt 0:00:00]} 6. c4 {[%emt 0:00:00]} h6 {[%emt 0:00:00]} 7. Nc3 {[%emt 0:00:00]} Ne4 {[%emt 0:00:01]} 8. Nxe4 {[%emt 0:00:01]} Bxe4 {[%emt 0:00:00]} 9. Nd2 {[%emt 0:00:01]} Bf5 {[%emt 0:00:01]} 10. f3 {[%emt 0:00:01]} Bd6 {[%emt 0:00:00]} 11. Qb3 {[%emt 0:00:03]} Qh4 {[%emt 0:00:04]} 12. f4 {[%emt 0:00:01]} b6 {[%emt 0:00:02]} 13. Nf3 {[%emt 0:00:00]} Qe7 {[%emt 0:00:02]} 14. cxd5 {[%emt 0:00:00]} exd5 {[%emt 0:00:01]} 15. Bd2 {[%emt 0:00:00]} Nd7 {[%emt 0:00:02]} 16. Ne5 {[%emt 0:00:01]} Nxe5 {[%emt 0:00:06]} 17. fxe5 {[%emt 0:00:01]} Bb8 {[%emt 0:00:02]} 18. Rxf5 {[%emt 0:00:01]} O-O {[%emt 0:00:01]} 19. Raf1 {[%emt 0:00:01]} Bc7 {[%emt 0:00:01]} 20. Qc2 {[%emt 0:00:01]} c5 {[%emt 0:00:01]} 21. Rf6 {[%emt 0:00:01]} gxf6 {[%emt 0:00:03]} 22. Rxf6 {[%emt 0:00:01]} Bxe5 {[%emt 0:00:03]} 23. dxe5 {[%emt 0:00:02]} Qxe5 {[%emt 0:00:00]} 24. Rf5 {[%emt 0:00:01]} Qe4 {[%emt 0:00:01]} 25. Bd3 {[%emt 0:00:02]} Qh4 {[%emt 0:00:02]} 26. g3 {[%emt 0:00:02]} Qg4 {[%emt 0:00:05]} 27. Rf4 {[%emt 0:00:05]} Qg5 {[%emt 0:00:01]} 28. Bc3 {[%emt 0:00:04]} Rfe8 {[%emt 0:00:02]} 29. Bf6 {[%emt 0:00:01]} Qh5 {[%emt 0:00:04]} 30. Bh7+ {[%emt 0:00:02]} Kf8 {[%emt 0:00:01]} 31. Qf2 {[%emt 0:00:02]} Re6 {[%emt 0:00:02]} 32. g4 {[%emt 0:00:03]} Qh3 {[%emt 0:00:02]} 33. Bh4 {[%emt 0:00:02]} Qxe3 {[%emt 0:00:01]} 34. Rxf7+ {[%emt 0:00:01]} Ke8 {[%emt 0:00:01]} 35. Rf8+ {[%emt 0:00:01]} Kd7 {[%emt 0:00:01]} 36. Qxe3 {[%emt 0:00:01]} Rxe3 {[%emt 0:00:02]} 37. Rxa8 {[%emt 0:00:00]} Rh3 {[%emt 0:00:00]} 38. Rxa7+ {[%emt 0:00:01] Time (Lag: Av=0.93s, max=1.8s)} 1-0